000
00298nam a2200121Ia 4500
005
20251222141946.0
008
251222s9999||||xx |||||||||||||| ||spa||
020
_a
958-600-920-3
082
_a
REF.004.35/F83
245
0
_a
Diccionario Bilingüe de Computación
264
_b
McGraw-Hill
942
_c
LIB
999
_c
9531
_d
9531